| 000 | 00683nam a2200193 a 4500 | ||
|---|---|---|---|
| 001 | 000266003 | ||
| 003 | AM-YeHGA | ||
| 005 | 20250618071754.0 | ||
| 008 | 030925s1996 ai r 000 0 arm d | ||
| 040 | _aAM-YeHGA | ||
| 100 | 1 |
_aՍիմոնյան, Կարեն Արամի, _d1936-2018 _98967 |
|
| 245 | 1 | 0 |
_aHomo dei կամ բիբլիական պատմություն : _bՎեպ / _cԿ.Ա. Սիմոնյան; Նկ.` Կ. Թերզյան. |
| 260 |
_aԵրևան : _bԱ. հ, _c[1996]. |
||
| 300 |
_a112 էջ. : _bդիմանկ. ; _c20 սմ. |
||
| 650 | 1 | 4 |
_aՀայ գրականություն _xՎեպ |
| 700 | 1 |
_aԹերզյան, Կարապետ _eնկ. _4art |
|
| 942 |
_2udc _cBK |
||
| 090 | _c97983 | ||
| 999 |
_c96678 _d96678 |
||